000
00236nam a2200097Ia 4500
008
230907s9999||||xx |||||||||||||| ||und||
082
_a
621.433
_b
MOD
245
0
_a
Modern gas turbine systems :
300
_a
xxi, 816 pages :
942
_c
BK
999
_c
598591
_d
598591